|
LDR
| 01247nam a2200373 i 4500 |
|---|
| 001 | 58139 |
|---|
| 003 | CZ-PrJAB |
|---|
| 005 | 20241021085614.0 |
|---|
| 007 | t* |
|---|
| 008 | 241018s2024 xr af e 000 0 cze |
|---|
| 020 | | . |
‡a978-80-262-2153-1
‡q(brožováno) |
|---|
| 035 | | . |
‡a(CZ PrNK)nkc20243638477 |
|---|
| 040 | | . |
‡aABA001
‡bcze
‡erda |
|---|
| 041 | 0 | . |
‡acze
‡beng |
|---|
| 072 | | 7. |
‡a364-1/-7
‡xDruhy sociální pomoci a služeb
‡2Konspekt
‡918 |
|---|
| 080 | | . |
‡a364.622-785.4:7.02
‡2MRF |
|---|
| 080 | | . |
‡a615.851:7.02
‡2MRF |
|---|
| 080 | | . |
‡a174
‡2MRF |
|---|
| 080 | | . |
‡a(035)
‡2MRF |
|---|
| 100 | 1 | . |
‡aLhotová, Marie,
‡d1952-
‡7js20081027002
‡4aut |
|---|
| 245 | 1 | 0. |
‡aPraktická arteterapie :
‡bmetody a aktivity /
‡cMarie Lhotová, Evžen Perout |
|---|
| 250 | | . |
‡aVydání první |
|---|
| 264 | | 1. |
‡aPraha :
‡bPortál,
‡c2024 |
|---|
| 300 | | . |
‡a199 stran, 16 nečíslovaných stran obrazových příloh |
|---|
| 336 | | . |
‡atext
‡btxt
‡2rdacontent |
|---|
| 337 | | . |
‡abez média
‡bn
‡2rdamedia |
|---|
| 338 | | . |
‡asvazek
‡bnc
‡2rdacarrier |
|---|
| 504 | | . |
‡aObsahuje bibliografii |
|---|
| 546 | | . |
‡aAnglické resumé |
|---|
| 650 | 0 | 7. |
‡aarteterapie
‡7ph118622
‡2czenas |
|---|
| 650 | 0 | 7. |
‡aarteterapie
‡7ph118622
‡xmetody
‡2czenas |
|---|
| 650 | 0 | 7. |
‡aetika povolání
‡7ph115887
‡2czenas |
|---|
| 655 | | 7. |
‡apříručky
‡7fd133209
‡2czenas |
|---|
| 700 | 1 | . |
‡aPerout, Evžen,
‡d1961-
‡7mzk2005312908
‡4aut |
|---|
| 910 | | . |
‡aABG312 |
|---|
| 995 | | . |
‡aska |
|---|
| 901 | | . |
‡a58139
‡bAUTOGEN
‡c58139
‡tbiblio |
|---|